| 000 | 00633nam a2200181 a 4500 | ||
|---|---|---|---|
| 001 | 000040287 | ||
| 005 | 20201002034032.0 | ||
| 008 | 130802s2006 mx 000 0 spa d | ||
| 020 | _a9703237215 | ||
| 040 |
_aDO-SdBNP _bspa _cBNPHU |
||
| 100 | 1 |
_aBenét, Stephen Vincent, _d1898-1943 _99910 |
|
| 245 | 1 | 0 |
_aJunto a los ríos de Babilonia / _cStephen Vincent Benét ; introducción Álvaro Uribe. |
| 260 |
_aMéxico : _bUniversidad Nacional Autónoma de México, _c2006. |
||
| 300 |
_a49 p. ; _c18 cm. |
||
| 490 | 1 |
_aRelato Licenciado Vidriera _v40 |
|
| 700 | 1 |
_aUribe, Álvaro _966565 |
|
| 830 | 0 |
_aRelato Licenciado Vidriera _v40 _966234 |
|
| 999 |
_c39777 _d39777 |
||